Регионална библиотека "Любен Каравелов" - Русе

Фокусник (Запис номер 146444)

MARC детайли
000 -Лидер
Контролно поле с фиксирана дължина 01635nam a2200337 a 4500
003 - Код на организацията, давaща контролен номер
Контролно поле BLK
005 - Дата и час на последна редакция
Контролно поле 20241112092128.0
008 - Елементи от данни с фиксирана дължина
fixed length control field 180410b bul|||||r ||||||| ||bul||
010 ## - Наследен системен номер
LC control number KNG00152632000
040 ## - Източник на каталожния запис
Идентификатор на билиотеката - собственик на записа BLK
041 ## - Код за език
Код за езика на текст/звукозапис или на отделно заглавие Български
Код за езика КДБФ Български
080 ## - УДК
Текстов определител УДК Руска литература
УДК код - определител по УДК 821.161.1
УДК определител -93-1
УДК - код + определител 821.161.1-93-1
100 ## - Редна дума - Автор
Автор Михалков, Сергей Владимирович
Дати, свързани с автора 1913 - 2009
Автор - информация (биография) Писател, поет, драматург, баснописец.
R(LIN) 274880
139 ## - Редно поле
Редна дума Михалков, Сергей Владимирович
Авторски знак Михал - М 75
245 10 - Сведения за заглавието
Заглавие Фокусник
Подзаглавни данни Избрани стихове за деца
Редно поле (дума) Сергей Владимирович Михалков; подб. и прев. от рус. Кирил Крумов Кадийски; худож. Борислав Владимиров Стоев.
257 ## - Страна на издаване
Страна на създаване/издаване СССР
260 ## - Област на издателските данни
Име на издателя, разпространителя и проч. Отечество
Година на издаване 1987
Място на издаване, разпространение и проч. София
300 ## - Физическа характеристика
Страници 60 с.
Илюстрации и др. с цв. ил.
Размери/Мащаб 22 см
380 ## - Жанр
Жанр Детска худож. лит.
490 ## - СЕРИИ (Колекции)
Име на серия Поредица Златно ключе
9 (RLIN) 207011
500 ## - Общи забележки
Забележка Ориг. загл. Мы с приятелем / Сергей Михалков
700 1# - Други автори (авторска отговорност)
Лично име Кадийски, Кирил Крумов
Автороска отговорност (Описва отношението между автора и произведението) подб. и прев. от рус.
9 (RLIN) 364061
700 1# - Други автори (авторска отговорност)
Лично име Стоев, Борислав Владимиров
Автороска отговорност (Описва отношението между автора и произведението) худож.
9 (RLIN) 365108
852 ## - Местоположение
Форматна сигнатура Цб 265666
856 4# - Електронен адрес и достъп
Електронен формат pdf - файл
Инструкция (цена за достъп) 0.00
Права за достъп disable
856 4# - Електронен адрес и достъп
Електронен формат pdf - файл
Инструкция (цена за достъп) 0.00
Права за достъп disable
999 ## - СИСТЕМНИ КОНТРОЛНИ НОМЕРА
Koha biblionumber 146444
Koha biblioitemnumber 146444
942 ## - АРТИКУЛИ
Вид на библиотечния материал Книги
Скрит в OPAC Не
Koha issues (borrowed), all copies 2
Периодичен библиозапис Да
944 ## - СЪЗДАВАНЕ И РЕДАКЦИЯ на ЗАПИСА
Създаване/Редакция Създаване
Дата на регистрацията/редакция 30.10.2013
Статус, дата на статуса Геновева Генчева
Служител, извършил регистрацията/редакцията 30560
944 ## - СЪЗДАВАНЕ И РЕДАКЦИЯ на ЗАПИСА
Създаване/Редакция Редакция
Дата на регистрацията/редакция 27.09.2017
Статус, дата на статуса 30.10.2013 - от С1,Р / 30.10.2013
Служител, извършил регистрацията/редакцията Кети_Илиева
999 ## - СИСТЕМНИ КОНТРОЛНИ НОМЕРА
Koha biblioitemnumber 146444
Наличности
Код за отписване Код за изгубен артикул Източник на класификационната схема Код за повреда Коз за рестрикции Код за отдаване Артикулен № Име на библиотеката - собственик Име на библиотеката, в която се намира в момента Статус (Текущо местоположение) Дата на вписване в системата Местоположение - отдел Цена в лева Инвентарен номер Систематично азбучна сигнатура Баркод Номер на екземпляра Цена в евро Служебна бележка Служебен тип на артикула Бележка за публиката
  Не е изгубен Universal Decimal Classification Не е повреден без рестрикции ползва се в читалня 243667 Регионална библиотека "Любен Каравелов" Русе Регионална библиотека "Любен Каравелов" Русе Хранилище 1987-01-01 Хранилище 1.22 481726 Цб 265666 120000481726 1 0.62 Вид: СФ Дата: 01.01.1987 Книги  
Изтеглен Не е изгубен   Не е повреден без рестрикции заемане за дома 243668 Регионална библиотека "Любен Каравелов" Русе Регионална библиотека "Любен Каравелов" Русе   1987-01-01 Детски отдел 1.22 482749 ДХ 820/899/М 75 482749 2 0.62 Вид: Сф Дата: 01.01.1987 Дата инв: 06.10.2015 Бележки инв: Д2015 Книги Отч.N: 41/2017 , Дата: 08.09.2017
Изтеглен Не е изгубен   Не е повреден без рестрикции заемане за дома 243669 Регионална библиотека "Любен Каравелов" Русе Регионална библиотека "Любен Каравелов" Русе   1987-01-01 Детски отдел 1.22 482751 ДХ 820/899/М 75 482751 3 0.62 Вид: Сф Дата: 01.01.1987 Дата инв: 12.09.2015 Бележки инв: Д2015 Книги Отч.N: 49/17 , Дата: 09.10.2017
Изтеглен Не е изгубен Universal Decimal Classification Не е повреден без рестрикции заемане за дома 243670 Регионална библиотека "Любен Каравелов" Русе Регионална библиотека "Любен Каравелов" Русе Детски отдел 1987-01-01 Детски отдел 1.22 482752 ДХ 820/899/М 75 482752 4 0.62 Вид: Сф Дата: 01.01.1987 Дата инв: 12.09.2015 Бележки инв: Д2015 Книги  
  Не е изгубен Universal Decimal Classification Не е повреден без рестрикции заемане за дома 243671 Регионална библиотека "Любен Каравелов" Русе Регионална библиотека "Любен Каравелов" Русе Детски отдел 1987-01-01 Детски отдел 1.22 482753 ДХ 820/899/М 75 120000482753 5 0.62 Вид: Сф Дата: 01.01.1987 Дата инв: 12.09.2015 Бележки инв: Д2015 Книги  
Изтеглен Не е изгубен   Не е повреден без рестрикции заемане за дома 243672 Регионална библиотека "Любен Каравелов" Русе Регионална библиотека "Любен Каравелов" Русе   1987-01-01 Детски отдел 1.22 482754 ДХ 820/899/М 75 482754 6 0.62 Вид: Сф Дата: 01.01.1987 Дата инв: 03.11.2015 Бележки инв: Д2015 Книги Отч.N: 41/2017 , Дата: 08.09.2017
Изтеглен Не е изгубен Universal Decimal Classification Не е повреден без рестрикции заемане за дома 243673 Регионална библиотека "Любен Каравелов" Русе Регионална библиотека "Любен Каравелов" Русе Детски отдел 1987-01-01 Детски отдел 1.22 482755 ДХ 820/899/М 75 482755 7 0.62 Вид: Сф Дата: 01.01.1987 Дата инв: 03.11.2015 Бележки инв: Д2015 Книги  
  Не е изгубен Universal Decimal Classification Не е повреден без рестрикции заемане за дома 730066 Регионална библиотека "Любен Каравелов" Русе Регионална библиотека "Любен Каравелов" Русе Детски отдел 2019-07-11 Детски отдел 1.22   ДХ 820/899/М 75 120000833306   0.62   Книги  
Vip Innovations Ltd, Rousse, Bulgaria 2025